| 000 | 00480nam a2200193Ia 4500 | ||
|---|---|---|---|
| 003 | GCL | ||
| 008 | 140319s9999 xx 000 0 eng d | ||
| 040 |
_aGCL / _cGCL |
||
| 082 | 0 | 4 |
_a643.58 _bM M |
| 100 | 1 | _aMACK, LORRIE | |
| 245 | 1 | 0 |
_aMAKING THE MOST OF WORK SPACES / _cMACK, LORRIE |
| 260 |
_a[S.N] : _bCONRAN OCTOPUS ، _c1996 |
||
| 300 | _a80 P | ||
| 650 | 0 | 4 | _aHOUSING |
| 650 | 0 | 4 | _aSTORAGE IN THE HOME |
| 650 | 0 | 4 | _aSPACE |
| 650 | 0 | 4 | _aSTORAGE AREA |
| 942 |
_2ddc _cBK |
||
| 999 |
_c14146 _d14146 |
||